000 00299nam a22001337a 4500
008 170206b xxu||||| |||| 00| 0 eng d
020 _a9781416047407
041 _aeng
080 _26ED
_a61
100 _a3
101 _aSHMM
245 _aCLINICAL CALCULATIONS
_cSALLY.M MARSHALL
942 _2udc
_cBK
999 _c4706
_d4706